000 00283 a2200145 4500
001 169431
020 _a
040 _cMagnum
100 _aMarx, Karl
240 1 0 _aA ideologia alema
_lpor
245 1 0 _aA ideologia alema
362 0 _a1899
697 _aFILOSOFIA
942 _cBK
999 _c169431
_d169431